| 000 | 00952nam a22002057a 4500 | ||
|---|---|---|---|
| 003 | OSt | ||
| 005 | 20250913145408.0 | ||
| 008 | 240214b ||||| |||| 00| 0 eng d | ||
| 040 | _c0 | ||
| 082 | _aDPer 621.381 In821 April 2022 v. 37 n. 4 | ||
| 100 |
_aQin, Ruiyang. _eauthor. _952305 |
||
| 245 |
_aA 6.6kW high-frequency wireless power transfer system for electric vehicle charging using multilayer nonuniform self-resonant coil at MHz /Ruiyang Qin, Jie Li, and Daniel Costinett _cRuiyang Qin, Jie Li, and Daniel Costinett. |
||
| 260 |
_aNew York ; _bThe Institute of Electrical and Electronics Engineers, Inc. , _cApril 2022. |
||
| 300 |
_aVolume 37, pages 4842-4856 : _billustration ; _c28 cm. |
||
| 500 | _aIEEE Transaction on Power Electronics, vol. 37, no. 4, pages 4842-4856, April 2022. | ||
| 700 |
_aQin, Ruiyang. _eauthor. _952305 |
||
| 700 |
_aLi, Jie. _eauthor. _952306 |
||
| 700 |
_aCostinett, Daniel. _eauthor. _952307 |
||
| 942 |
_2ddc _cPER |
||
| 999 |
_c19134 _d19134 |
||